| 000 | 01660nam a2200253 a 4500 | ||
|---|---|---|---|
| 001 | 77780 | ||
| 003 | BD-RjUL | ||
| 005 | 20211209083025.0 | ||
| 008 | 210110s2000 su ||||| |||| 00| 0 arb d | ||
| 035 | _a(BD-RjUL)78006 | ||
| 040 |
_aBD-RjUL _beng _cBD-RjUL _dBD-RjUL |
||
| 041 | _aarab | ||
| 082 |
_223 _a297.14 _bTAM 2000 |
||
| 100 | 1 |
_aTaymiyyah, Taqiuddin Ahmad bin تيمية الحراني, تقئئ الدين احمد بن _9243483 |
|
| 245 | 1 | 0 |
_a Majmooatul Fatawa /مجمؤعة الفتاؤئ _cTaqiuddin Ahmad bin Taymiyyah تقئئ الدين احمد بن تيمية الحراني |
| 260 |
_aAlQahera : _bAlmaktubatut Tawfikia ; _c2000 |
||
| 300 |
_aV. ; _c23 cm |
||
| 500 | _aIncludes Index | ||
| 505 | _aV.1.-tawhiyatu o tawhidur Rububiyat-- V.2.--muzmalu o etikadus Salfi o mufasalul etiqad.-- V.3.Al-asmau os-sefatu --V.4,Al-Iman-- V.5.Al-qadar.--6.Al-mantek o ilmus Suluk --V.7.-- .At-Tafawufu o al-quranu kalamulah----V.8.al-muqaddamatuttafsir ottafsir-- V.-9.At-Tafsir--V.10.At-Tafir O al-hadith .--V.11.Usulil fiqhi--V.12.fuqhut Taharat o asalat--V.13.Asalatu o aj Jakatu.--V.14.Aj Jakatu o as Sawmu o al Hazzu.--V.15.Aj Jiaratu o Al Zihadu.--V.16 .Al-Bayyu o Assahu o Al Oqfu.--V.17.Al Waqefun Nikah.--V.18.Fiqhut Talaq o Aj Jehar O Qtalan Nabi o Al Eqrar | ||
| 650 |
_aFatawa _vIslam _9243484 |
||
| 650 |
_aIslam _9243485 |
||
| 650 |
_aفتاوى ابن تيمية شيخ الاسلام بن تيمية _9243493 |
||
| 942 |
_2ddc _cBK |
||
| 999 |
_c77780 _d77780 |
||